000 00430nam a2200181Ia 4500
008 100917s9999 xx 000 0 und d
082 _b3714
100 _aगोखले अरविंद
245 _aकथाई
260 _b---
_c1954
300 _a140
365 _b3
520 _aकादंबरी
630 _aकथाई
650 _aकादंबरी
730 _aकथाई
942 _cBOOK
999 _c609108
_d609105